| 000 | 00822cas a2200265 4500 | ||
|---|---|---|---|
| 001 | 14150 | ||
| 003 | BD-RjUL | ||
| 005 | 20211208235559.0 | ||
| 008 | 140205r19751972nyuuu r 0 1 a0eng | ||
| 020 | _a0471196193 | ||
| 035 |
_a(BD-RjUL)14202 _a(OCoLC)ocm04761515 |
||
| 040 |
_aDLC _beng _cDLC _dNST _dDLC _dOCLCO _dOCoLC _dBD-RjUL |
||
| 041 | _aeng | ||
| 082 | 0 |
_a547/.139 _bORG 1975 |
|
| 245 | 0 | 0 |
_aOrganic reactions / _cEditor William G. Dauben...[et al]. |
| 260 |
_aHuntington : _bR.E. Krieger Pub. Co., _cc1972 [printed 1975]. |
||
| 300 |
_aix, 434 p. : _bill. ; _c24 cm. |
||
| 504 | _aIncludes index. | ||
| 505 | _avol. 19 -- v. 20 -- | ||
| 650 | 0 |
_aChemical reactions. _944197 |
|
| 650 | 0 |
_aPhysical organic chemistry. _944198 |
|
| 700 | 1 |
_a Dauben, William G., _944199 |
|
| 942 |
_2ddc _cBK |
||
| 999 |
_c14150 _d14150 |
||